LIBRARY & INFORMATION CENTRE, KCAET, TAVANUR

ONLINE PUBLIC ACCESS CATALOGUE (OPAC)

Granthalaya vijnanam / (Record no. 4881)

MARC details
000 -LEADER
fixed length control field 00400cam a2200169ua 4500
041 ## - LANGUAGE CODE
Language code of text/sound track or separate title mal
082 ## - DEWEY DECIMAL CLASSIFICATION NUMBER
Classification number 020
Item number NAR/GR
100 ## - MAIN ENTRY--AUTHOR NAME
Personal name Narayanan, T S .
245 ## - TITLE STATEMENT
Title Granthalaya vijnanam /
260 ## - PUBLICATION, DISTRIBUTION, ETC. (IMPRINT)
Place of publication Thrissur :
Name of publisher Current Books ,
Year of publication 1960.
300 ## - PHYSICAL DESCRIPTION
Number of Pages 191 ; .
942 ## - ADDED ENTRY ELEMENTS (KOHA)
Koha item type Books
Holdings
Withdrawn status Lost status Damaged status Home library Current library Date acquired Cost, normal purchase price Full call number Accession Number Koha item type
Withdrawn     KAUAET KAUAET 07/04/2012 3.00 020 1671 Books
free website counter